00478cam a22001217a 4500008004000000082001600040100002200056245014100078260001300219300001000232650006100242700005300303180718b1965 xxu||||| |||| 00| 0 eng d aA2x781 K133 aWilder, Bessie E. aBibliography of the official publications of Kansas, 1854-1958cby Bessie E. Wilder and Kansas. University. Governmental Research Center abc1965 a318p. aGovernment Publications - U.S.A. - Kansas - Bibliography aKansas. University. Governmental Research Center